000 00497 a2200181 4500
001 144256
040 _cLeonardo Da Vinci
041 _aPortuguês
082 _aAP530 A568f
_bA568f
100 _aANDRADE, Luís Ricardo Arruda de
_aCARRILHO, Ronaldo
_aSÁ, Ronaldo Moura de
245 _aFísica
_broteiro anglo
250 _a2.ed LTC
260 _bAnglo
_c2010
_aSão Paulo
300 _a104
362 _a20100000
697 _aFísica
_aDinâmica
_aEstática
_aHidrostática
_aLTC
942 _cBK
999 _c144256
_d144256